1464 1961 1055 1772 1119 1807 1523 1627 1175 1611 1200 1239 1623 1885 1194 1763 1667 1686 1728 1224 1336 1986 1085 1977 1491 1708 1870 1022 1780 1775 1684 1633 1262 1074 1775 1838 1328 1971 1435 1676 1535 1617 1330 1896 1548 1084 1209 1583 1035 1461 1956 1922 1120 1698 1839 1481 1756 1778 1739 1195 1344 1518 1997 1024 1759 1843 1783 1998 1657 1459 1067 1869 1038 1909 1319 1062 1384 1216 1682 1414 1726 1154 1021 1411 1846 1172 1810 1737 1687 1625 1750 1670 1269 1516 1127 1392 1186 1360 1698 BCNSPRNW ULIB Ver.6.0+V

เปลี่ยนเป็นภาษาไทย

Change to English
 แสดงรายละเอียดบรรณานุกรม
  กลับหน้าหลัก

Brief Record : Get Marc (ISO 2709) : E-mail record : QR code < ปิดหน้าต่าง
LEADER : 00000nam 2200000uu 4500
001    13399123578
003     ULIB
008    141014s2556||||th 000 0 tha d
020    ^a9789743266195
060  4 ^aW20.5^bส232
100 0  ^aสมเกียรติ วัฒนศิริชัยกุล
245 10 ^aตำราวิจัยวิทยาศาสตร์การแพทย์และสาธารณสุข /^cสมเกียรติวัฒนศิริชัยกุล, ดลฤดี สองทิศ
250    ^aพิมพ์ครั้งที่ 1
260    ^aกรุงเทพฯ :^bสวัสดิการสำนักงานคณะกรรมการวิจัยแห่งชาติ,^c2556
300    ^aก-ซ, 364 หน้า :^bภาพประกอบ
650  7 ^aวิทยาศาสตร์การแพทย์^xวิจัย
650  7 ^aการแพทย์^xวิจัย
650  7 ^aวิจัย^xวิธีการ
650  7 ^aสาธารณสุข^xวิจัย
700 0  ^aดลฤดี สองทิศ
710 2  ^aสวัสดิการสำนักงานคณะกรรมการวิจัยแห่งชาติ
945    ^p450^l0^i21339
945    ^p450^l0^i21340
999    ^aทศพร เกษรทอง
รายการนี้ยังไม่มีแท็ก
คุณยังไม่ได้ล็อกอิน คุณสามารถมีกิจกรรมร่วมกับเว็บไซต์ได้ แต่ต้องล็อกอินก่อน ::
  ล็อกอิน

รายการสื่อสารสนเทศ

ลำดับที่ ประเภท เลขเรียก/บาร์โค้ด สถานที่ สถานะ
1. วิทยาศาสตร์การแพทย์ และสุขภาพ
วิทยาศาสตร์การแพทย์ และสุขภาพ
สถานะ=หนังสือเก่า
W20.5 ส232 ฉ.1 
  Barcode: 21339
ห้องสมุดวิทยาเขตนครสวรรค์
►ส่วนจัดเก็บหนังสือเก่า นว.
บนชั้น
  ขอยืม
2. วิทยาศาสตร์การแพทย์ และสุขภาพ
วิทยาศาสตร์การแพทย์ และสุขภาพ
สถานะ=หนังสือเก่า
W20.5 ส232 ฉ.2 
  Barcode: 21340
ห้องสมุดวิทยาเขตนครสวรรค์
►ส่วนจัดเก็บหนังสือเก่า นว.
บนชั้น
  ขอยืม

รายการใกล้เคียง
    ผู้แต่ง [สมเกียรติ วัฒนศิริชัยกุล]

    หัวเรื่อง [สาธารณสุข วิจัย]

BibComment


ยังไม่เคยถูกคอมเมนท์

คอมเมนท์ทรัพยากรรายการนี้
  คอมเมนท์: ตำราวิจัยวิทยาศา..


 Copyright 2026. Bcnsprnw @Library